Hard Flag Quiz - Statistics

General Stats
  • This quiz has been taken 36 times
  • The average score is 12 of 15
Answer Stats
Picture Hint Answer % Correct
poland
100%
kazakhstan
96%
malaysia
96%
kyrgyzstan
93%
luxembourg
93%
sri lanka
93%
tunisia
85%
european union
81%
liechtenstein
81%
oman
78%
united nations
78%
dominica
70%
saint vincent and the grenadines
67%
saint kitts and nevis
59%
I didn't find the flag so i putted this :p antarctica
44%
No matching quizzes found
Score Distribution
Percent of People with Each Score
Percentile by Number Answered
Your Score History
You have not taken this quiz